Costume jewelry : for haute couture
| Main Author: | |
|---|---|
| Format: | Book |
| Published: |
London :
Thames & Hudson
|
| Subjects: |
MARC
| LEADER | 00000cam a2200000 7i4500 | ||
|---|---|---|---|
| 001 | 0000019459 | ||
| 005 | 20080617.0 | ||
| 008 | 080617 | ||
| 020 | |a 050051335X | ||
| 090 | 0 | 0 | |a 688.207449332 |b MUL |
| 100 | 1 | |a Muller, Florence | |
| 245 | 1 | 0 | |a Costume jewelry : |b for haute couture |c Florence Muller ; edited by Patrick Sigal |
| 260 | |a London : |b Thames & Hudson | ||
| 650 | 0 | |a Costume jewelry |x History |x 20th century |x Exhibitions | |
| 999 | |a 0001025478 |b Book |c REFERENCE |e Perbadanan Perpustakaan Awam Johor | ||